| 000 | 01288nam a22003137a 4500 | ||
|---|---|---|---|
| 008 | 131113b xxu||||| |||| 00| 0 ger d | ||
| 020 | _a3854282923 | ||
| 041 | 1 |
_ager _aeng |
|
| 080 |
_a339.5 _x(47+57) |
||
| 100 | 1 | _aPuseizer, Eugen | |
| 245 | 1 | 0 |
_aAußenhandel mit Rußland = Foreign trade with Russia : _cEugen Puseizer |
| 260 |
_aWien : _bService Fachverlag ; _c1994. |
||
| 300 |
_a156 f. : _c21 cm. |
||
| 490 |
_aSchriftenreihe des FOWI _aForschungsinstitut für mittel-und Osteuropäisches wirtschaftsrecht _aInstitute for Central- and Eastern European Business Law _vBand 6 |
||
| 500 | _a[Titulli dhe teksti në gjuhën gjermane dhe angleze] | ||
| 500 | _aVorwort des Herausgebers : f. 9 | ||
| 500 | _aVorwort des verfassers : f. 11 | ||
| 500 | _aPreface to the editor : f. 87 | ||
| 500 | _aPreface to the authors : f. 89 | ||
| 505 |
_aBibliography : f. 144-145 _gLiteraturverzeichnis : f. 68-69 |
||
| 650 |
_aMarrëdhëniet ekonomike ndërkombëtare _zRusia |
||
| 650 |
_aTregëtia _zRusia |
||
| 700 | 1 | _aDoralt, Peter | |
| 700 | 1 | _aHaschek, Helmut H. | |
| 700 | 1 | _aSchauer, Martin | |
| 700 | 1 | _aKozak, Veronika (përkthyes) | |
| 700 | 1 | _aKey, Carl Alan (përkthyes) | |
| 942 |
_2udc _cBK |
||
| 999 |
_c301 _d301 |
||